000 00994nam a2200277 i 4500
001 16359
003 ES-MaACL
005 20250926063044.0
007 t|
008 000901s1993 sp ||||1| spa d
020 _a84-7509-240-3
080 _a615.851.133.3
080 _a133.5:54
100 1 _aJung, Carl G.,
_d1875-1961
_967282
245 1 3 _aLa psicología de la transferencia
_b: esclarecida por medio de una serie de imágenes de la alquimia : para médicos y psicólogos prácticos /
_cC. G. Jung ; prólogo y notas de Enrique Butelman.
250 _a3ª reimp.
260 _aBarcelona :
_bPaidós Ibérica,
_c1993.
300 _a198 p. ;
_c22 cm.
490 1 _aBiblioteca de psicología profunda ;
_v6
650 1 7 _aTransferencia (Psicología)
_2embne
_917624
650 4 _aAlquimia.
_99742
700 1 _aButelman, Enrique.
_932935
830 0 _aBiblioteca de psicología profunda ;
_v6
_9179952
852 _aES-MaACL
_jL-23599
_bR.128782
999 _c16359
_d16359